| 000 | 01494nam a2200289 a 4500 | ||
|---|---|---|---|
| 003 | BLK | ||
| 005 | 20250602153142.0 | ||
| 008 | 180409b bul|||||r ||||||| ||bul|| | ||
| 020 | _a9786192180256 | ||
| 040 | _aBLK | ||
| 041 |
_aBUL _cBUL |
||
| 080 |
_aНемска литература _b821.112.2 _x-31 _z821.112.2-31 |
||
| 100 | 1 |
_aРемарк, Ерих Мария _gРемарк, Ерих Паул _9257978 |
|
| 245 | 1 | 0 |
_aТриумфалната арка _bРоман _cЕрих Мария Ремарк; прев. от нем. Невяна Розева. |
| 250 | _a[3. изд.] | ||
| 257 | _aBGR | ||
| 260 |
_aСофия _bФама І _c2020 _9221711 _n978-619-218- |
||
| 300 |
_a464 с. _c21 см |
||
| 380 | _aX | ||
| 490 |
_9201252 _aКласика _xC624-2545 |
||
| 500 | _aОриг. загл.: Arc de Triomphe / Erich Maria Remarque. - 1. изд. 1946 на изд. М. Г. Смрикаров, в сер. Библиотека Световни автори : знаменити съвременни романи, Г. VIII, кн. 5 | ||
| 700 |
_aРозева, Невяна Любенова _d1900 - 1970 _gПреводач от английски, италиански, немски, полски, руски и френски езици. _eпрев. от нем. _9367712 |
||
| 852 |
_aЦб 318304 _bЦб |
||
| 942 |
_cKNG _n0 _s1 _014 |
||
| 944 |
_aCR _c2023-07-04 _k30560 _lГеновева Генчева |
||
| 999 |
_c413406 _d413406 |
||